00858pam a2200229 a 45000010008000000030010000080050017000180080041000350100017000760200015000930400019001080500020001270820018001471000026001652450064001912500012002552600066002673000033003335000172003666500030005387000060005681932583NUST-PNEC20170116180705.0860411s1987 nyua 001 0 eng  a 86008459  a0023427604 aDLCcPNECdDLC00aT353b.E62 198700a604.2 GIE219 aGiesecke Frederick E.00aEngineering graphics /cFrederick E. Giesecke ... [et al.]. a4th ed. aNew York :bMacmillan ;aLondon :bCollier Macmillan,cc1987. aix, 963 p. :bill. ;c26 cm. aIncludes index. http://www.amazon.com/Engineering-Graphics-Frederick-Ernest-Giesecke/dp/0023427604/ref=sr_1_1?s=books&ie=UTF8&qid=1411207886&sr=1-1&keywords=0023427604 0aEngineering graphics.xME1 aGiesecke, Frederick E.q(Frederick Ernest),d1869-1953.